000 00633nam a22002057a 4500
003 OSt
005 20140310183046.0
008 130227t xxu||||| |||| 00| 0 eng d
020 _a9710869868
050 _aPL 6059
_b.M539 2009
082 _aFIL 808.0427 .M539 2009
_b.M539 2009
245 _aPabigkas at pasulat na pakikipagtalastasan
_btula, deklamasyon, talumpati, kuwento, balagtasan at debate
_cMendoza, Eleonita Decal
260 _aMandaluyong City
_bNational Book Store
_cc2009
300 _a155 p.
_c22 cm.
521 _aCollege
526 _c1210L-1700L
541 _j1
562 _e1
942 _2lcc
_cBK
_kFIL
999 _c18600
_d18600